ASOIAF - Vale Houses COAs - Statistics

General Stats
  • This quiz has been taken 88 times
  • The average score is 11 of 20
Answer Stats
Picture Answer % Correct
Arryn
98%
Royce
96%
Baelish
92%
Redfort
86%
Corbray
76%
Waynwood
73%
Belmore
67%
Grafton
65%
Hunter
63%
Sunderland
55%
Hardyng
51%
Borrell
47%
Templeton
43%
Tollett
41%
Coldwater
37%
Elesham
31%
Lynderly
31%
Pryor
25%
Melcolm
24%
Ruthermont
14%
No matching quizzes found
Score Distribution
Percent of People with Each Score
Percentile by Number Answered
Your Score History
You have not taken this quiz